| 000 | 00647nas a2200217 4500 | ||
|---|---|---|---|
| 001 | BR8103816 | ||
| 003 | BR-BrBNA | ||
| 005 | 20231205084815.0 | ||
| 007 | ta | ||
| 008 | 230509b bl.|||p| |||| 00| 00por d | ||
| 040 |
_aBR-BrBNA _bpor _cBiblioteca Nacional de Agricultura |
||
| 041 | _a(Pt) | ||
| 072 | _aL00 | ||
| 100 | 1 | _aBeck, S.L. | |
| 245 | 1 | _aImportancia da tradicao na criacao do cavalo mangalarga [Equus caballus] | |
| 650 | _aCAVALO | ||
| 650 | _aCRIACAO | ||
| 773 | 0 |
_tRevista dos Criadores (Brazil) _xISSN 0034-9259 _g(Dec 1981), v. 51(623) p. 30-31 _wBR8103816 |
|
| 909 |
_a202311 _bLúcia _c55 _dLúcia Elande |
||
| 942 |
_2AGRIS _n0 _cANA |
||
| 999 |
_c107412 _d107412 |
||